| 000 | 00569nam a22002177a 4500 | ||
|---|---|---|---|
| 003 | OSt | ||
| 005 | 20140310181921.0 | ||
| 008 | 130718t xxu||||| |||| 00| 0 eng d | ||
| 020 | _a0140463933 | ||
| 050 |
_aRJ 61 _b.L434 1979 |
||
| 082 |
_aTR 649 _bLe47 1977 |
||
| 100 |
_aLeach, Penelope _91668 |
||
| 245 |
_aBaby and child / _cPenelope Leach |
||
| 260 |
_aMiddlesex, Eng : _b Penguin Books, . _cc1977 |
||
| 300 |
_a512 p., _bill. _c21 cm. |
||
| 521 | _aFaculty | ||
| 541 | _j1 | ||
| 562 | _e1 | ||
| 650 | _2Infants--Care | ||
| 942 |
_2lcc _cBK-TR _kTR |
||
| 999 |
_c6994 _d6994 |
||